|
|
|
|
| LEADER |
00000nam0a2200000 4500 |
| 001 |
222141 |
| 005 |
20231101230439.0 |
| 010 |
|
|
|a 9785991621946
|
| 035 |
|
|
|a (RuTPU)RU\TPU\book\242324
|
| 090 |
|
|
|a 222141
|
| 100 |
|
|
|a 20120919d2013 m y0rusy50 ca
|
| 101 |
0 |
|
|a rus
|
| 102 |
|
|
|a RU
|
| 105 |
|
|
|a y j 001zy
|
| 200 |
1 |
|
|a Логика
|e учебник и практикум для бакалавров
|f А. К. Сковиков
|
| 210 |
|
|
|a Москва
|c Юрайт
|d 2013
|
| 215 |
|
|
|a 575 с.
|
| 225 |
1 |
|
|a Бакалавр. Базовый курс
|
| 320 |
|
|
|a Библиогр.: с. 395-397.
|
| 330 |
|
|
|a Издание предназначено для изучения теоретических основ курса логики и приобретения практических навыков решения наиболее важных типов логических задач, предусмотренных стандартным курсом логики для студентов социально-гуманитарных специальностей, обучающихся по программе бакалавриата. Соответствует требованиям Федерального государственного образовательного стандарта высшего профессионального образования третьего поколения. Включены примеры из науки, профессиональной практики и различных жизненных ситуаций. Написан живым, доступным языком. Каждая глава содержит теоретический материал для усвоения курса логики, упражнения, примеры и описание алгоритма выполнения логических задач. В приложении представлены программа курса, литература для углубленного изучения, темы рефератов, вопросы для самоконтроля, тестовые задания, 100 вариантов итоговых контрольных работ, которые могут быть использованы для проверки степени усвоения курса, а также для организации учебного курса для студентов всех форм обучения.
|
| 606 |
1 |
|
|a Логика
|2 stltpush
|3 (RuTPU)RU\TPU\subj\40551
|9 60396
|
| 610 |
1 |
|
|a история
|
| 610 |
1 |
|
|a методология
|
| 610 |
1 |
|
|a знаковые системы
|
| 610 |
1 |
|
|a понятия
|
| 610 |
1 |
|
|a логические операции
|
| 610 |
1 |
|
|a суждения
|
| 610 |
1 |
|
|a мышление
|
| 610 |
1 |
|
|a модальность
|
| 610 |
1 |
|
|a умозаключения
|
| 610 |
1 |
|
|a дедуктивные умозаключения
|
| 610 |
1 |
|
|a высказывания
|
| 610 |
1 |
|
|a индуктивные умозаключения
|
| 610 |
1 |
|
|a аргументация
|
| 610 |
1 |
|
|a логические законы
|
| 610 |
1 |
|
|a гипотезы
|
| 610 |
1 |
|
|a тесты
|
| 686 |
|
|
|a Ю4я73
|v LBC/SL-A
|2 rubbk
|
| 700 |
|
1 |
|a Сковиков
|b А. К.
|g Алексей Константинович
|
| 801 |
|
1 |
|a RU
|b 63413507
|c 20120919
|
| 801 |
|
2 |
|a RU
|b 63413507
|c 20150616
|g RCR
|
| 900 |
|
|
|a Логика и теория аргументации
|
| 942 |
|
|
|c BK
|
| 952 |
|
|
|a 520000
|
| 959 |
|
|
|a 111/20120907
|d 2
|e 379,00
|f ЧЗГЛ:1
|f АНЛ:1
|